Optimalizácie súdnej správy sa sudcovia boja

Výhody optimalizácie súdnej správy na Slovensku. Plán optimalizácie súdnej sústavy. Zmeny v územnom členení súdov.

Salvato in:
Dettagli Bibliografici
Autore principale: Zubo, Matúš
Natura: Capitolo di libro
Lingua:slovacco
Soggetti:
Tags: Aggiungi Tag
Nessun Tag, puoi essere il primo ad aggiungerne!!

MARC

LEADER 00000naa a2200000 4500
001 r048971
005 20230925124535.4
041 0 |a slo 
044 |a SK 
245 1 0 |a Optimalizácie súdnej správy sa sudcovia boja  |c Matúš Zubo 
520 |a Výhody optimalizácie súdnej správy na Slovensku. Plán optimalizácie súdnej sústavy. Zmeny v územnom členení súdov. 
610 2 0 |a súdy 
610 2 0 |a súdnictvo 
610 2 0 |a sudcovia 
610 2 0 |a optimalizácia 
610 2 0 |a orgány štátne 
610 2 0 |a Slovensko 
100 1 |a Zubo, Matúš